| 000 | 01054nam a22002055i 4500 | ||
|---|---|---|---|
| 001 | 166946 | ||
| 003 | ES-MaACL | ||
| 005 | 20230906213430.0 | ||
| 008 | 050921m18621900fr a | |||||||| ||fre d | ||
| 040 |
_aCAM _bspa _cCAM |
||
| 100 | 1 |
_aPassard, François-Lubin. _9155686 |
|
| 245 | 1 | 3 |
_aLe panlatinisme, confédération gallo-latine et celto-gauloise _b: alliance fédérative de la France, la Belgique, l'Angleterre, l'Espagne, le Portugal, L'italie, la Grèce, etc. / _cpar Prosper Vallerance (pseud. de François-Lubin Passard). |
| 250 | _aNouvelle éd. accompagnée de documents et renseignements nouveaux sur l'Italie, la Hongrie, la Roumanie, la Pologne, la Ruthénie, le panslavisme, etc. | ||
| 260 |
_aParis : _bPassard libraire-éditeur, _c[1862] ( _fImprimerie de J. Claye) |
||
| 300 |
_aXXVIII, 236 p., [1] h. de lám. ; _c22 cm. |
||
| 596 | _aEn nota de pag.IV consta la fecha 1862. | ||
| 651 | 4 |
_aEuropa- _xRelaciones sociales. _9137142 |
|
| 651 | 4 |
_aEuropa- _xRelaciones políticas. _9137141 |
|
| 852 |
_aES-MaACL _jG-12974 _z-- Enc. hol. |
||
| 999 |
_c166946 _d166946 |
||